Působení nevládních organizací v OSN prizmatem mikroekonomie
Podstata OSN z pohľadu mikroekonómie. OSN ako trh. OSN ako vláda. OSN ako firma. Zapojenie nevládnych organizácií do OSN.
Salvato in:
| Autore principale: | |
|---|---|
| Natura: | Capitolo di libro |
| Lingua: | ceco |
| Soggetti: | |
| Tags: |
Nessun Tag, puoi essere il primo ad aggiungerne!!
|
MARC
| LEADER | 00000naa a2200000 4500 | ||
|---|---|---|---|
| 001 | 0230327 | ||
| 005 | 20220713131251.8 | ||
| 041 | 0 | |a cze | |
| 044 | |a CZ | ||
| 245 | 1 | 0 | |a Působení nevládních organizací v OSN prizmatem mikroekonomie |c Jaroslava Jebavá |
| 520 | |a Podstata OSN z pohľadu mikroekonómie. OSN ako trh. OSN ako vláda. OSN ako firma. Zapojenie nevládnych organizácií do OSN. | ||
| 610 | 2 | 0 | |a organizácie nevládne |
| 610 | 2 | 0 | |a Organizácia spojených národov |
| 610 | 2 | 0 | |a spolupráca medzinárodná |
| 610 | 2 | 0 | |a mikroekonomika |
| 100 | 1 | |a Jebavá, Jaroslava | |